| 000 | 01015nam a2200205Ia 4500 | ||
|---|---|---|---|
| 003 | Ost | ||
| 005 | 20260507075741.0 | ||
| 008 | 260507s9999||||xx |||||||||||||| ||und|| | ||
| 040 | _cfsecg | ||
| 041 | _aara | ||
| 082 | _a512 | ||
| 100 |
_aالسلمي، نصار _eمؤلف |
||
| 245 | 0 |
_aمقدمة في الجبر / _c نصار السلمي |
|
| 260 |
_aالقاهرة: _bدار طيبة, _c2003 |
||
| 300 |
_a308 صفحة؛ _bإيضاحات ؛ _c24 سم |
||
| 520 | _aالمنطق الرياضي،مقدمة في الجبر المجرد،الاستنتاج الرياضي،الكسور الجزئية،المتسلسلات،متسلسلة ذات الحدين،جبر كثيرات الحدود ونظرية المعادلات،المصفوفات والمحددات،حلول المعادلات،القيم الذاتية والمتجهات الذاتية،دوال المتغير المركب | ||
| 653 | _aالجبر | ||
| 700 |
_aرشوان، أحمد رشوان _eمؤلف ثانوي |
||
| 942 | _cكتاب | ||
| 999 |
_c46136 _d46136 |
||